Guess the country from the slang term for money - Statistics

General Stats
  • This quiz has been taken 46 times
  • The average score is 8 of 12
Answer Stats
Hint Answer % Correct
Buck United States
95%
Quid United Kingdom
89%
Blue swimmer Australia
79%
Balle France
79%
Spänn Sweden
76%
Loonie Canada
74%
Pavo Spain
74%
Desyatka Russia
66%
Soldi Italy
55%
Dassi India
39%
Lucas Argentina
34%
Thune Switzerland
32%
No matching quizzes found
Score Distribution
Percent of People with Each Score
Percentile by Number Answered
Your Score History
You have not taken this quiz